000 01005njm a22002897a 4500
005 20100917150151.0
007 sd ammalaaahaa
008 100913t xxu||||| |||| 00| 0 hin d
028 _aECLP 5674
_bEMI
035 _aGR-03151
040 _aSED
_cSED
100 _aNoor Jehan
_91184
245 _aWhen melody was queen-v.2 /
_cby Noor Jehan...[et.al]
_h[sound recording] :
260 _aDum Dum India
_bEMI
_c1980
300 _a1 sound disc [Gramophone record] :
_banalog, 33 1/3 rpm
_c12.5 in. (LP)
_fGramophone Record
440 _av.2
_920552
500 _aBrief Record
500 _aRecord label :EMI, Red
505 _aSide-1 (Aaja Tujhe Afsana) (Mirza Saheeb) Side-2 (Chhup gaya koi re) (Chammpakali) (Lata Mangeshkar)
600 _919992
_2Noor Jehan
650 _aHindi Film Songs
_xExcerpts
_zIndia
_919603
650 _aMelody
_920545
650 _920524
700 _920517
942 _2ddc
_cGR
999 _c46537
_d46537